| 000 | 01617cam a2200421 a 4500 | ||
|---|---|---|---|
| 001 | BK0007965467 | ||
| 003 | DLC | ||
| 005 | 20241220123516.0 | ||
| 008 | 080821r20092007nyu c 000 1 eng d | ||
| 010 | _a2008032630 | ||
| 020 |
_a9780399250330 : SAL _c18.99 |
||
| 020 |
_a0399250336 : SAL _c18.99 |
||
| 037 |
_bPenguin Group USA, Order Processing Dept 120 Woodbine st, Bergenfield, NJ, USA, 07621 _nSAN 201-3975 |
||
| 040 |
_aDLC _cDLC _dDLC _dNjBwBT _erda |
||
| 050 | 0 | 0 |
_aPZ7.F598284 _bSi 2009 |
| 082 | 0 | 0 |
_a[Fic] _222 |
| 092 | _aFIC | ||
| 100 | 1 |
_aFlanagan, John _q(John Anthony) _dauthor _96425623 |
|
| 245 | 1 | 4 |
_aThe siege of Macindaw / _cJohn Flanagan. |
| 246 | _bRanger's Apprentice | ||
| 246 | _bRanger's Apprentice Book Six | ||
| 246 | _bRanger's Apprentice Book 6 | ||
| 250 | _a1st American ed. | ||
| 260 |
_aNew York : _bPhilomel Books, _c2009. |
||
| 264 | 1 |
_aNew York : _bPhilomel Books, _c2009. |
|
| 300 |
_a293 p. ; _c24 cm. |
||
| 336 | _atext | ||
| 337 | _aunmediated | ||
| 338 | _avolume | ||
| 440 |
_aRanger's Apprentice : _v Book 6. _96185286 |
||
| 500 | _aOriginally published: North Sydney, N.S.W. : Random House Australia, 2007. | ||
| 520 | _aNow a full-fledged Ranger, Will must rescue his friend Alyss from a rogue knight and uncover vital information needed to ward off a Scotti invasion. | ||
| 650 | 1 |
_aHeroes _vFiction. _95674995 |
|
| 650 | 1 |
_aWar _vFiction. _96364931 |
|
| 650 | 1 |
_aFantasy. _96194567 |
|
| 856 | 4 | 2 |
_3Publisher description _uhttp://www.loc.gov/catdir/enhancements/fy0906/2008032630-d.html |
| 942 | 0 | 0 |
_2ddc _cBOOK |
| 999 |
_c62220 _d62220 |
||